Central Library OPAC University of Rajshahi

An introduction to embryology / (Record no. 11550)

MARC details
000 -LEADER
fixed length control field 00827nam a2200277 a 4500
001 - CONTROL NUMBER
control field 11550
003 - CONTROL NUMBER IDENTIFIER
rucl marc code BD-RjUL
005 - DATE AND TIME OF LATEST TRANSACTION
control field 20211208235138.0
008 - FIXED-LENGTH DATA ELEMENTS--GENERAL INFORMATION
fixed length control field 140127s1981 paua b 001 0 eng
020 ## - INTERNATIONAL STANDARD BOOK NUMBER
International Standard Book Number 0030577128
035 ## - SYSTEM CONTROL NUMBER
System control number (BD-RjUL)11599
040 ## - CATALOGING SOURCE
Original cataloging agency DLC
Transcribing agency DLC
Modifying agency DLC
-- BD-RjUL
Language of cataloging eng
041 ## - LANGUAGE CODE
Language code of text/sound track or separate title eng
082 00 - DEWEY DECIMAL CLASSIFICATION NUMBER
Classification number 591.33
Edition number 19
Author mark and year BAI 1981
100 1# - MAIN ENTRY--PERSONAL NAME
Personal name Balinsky, B. I.
Fuller form of name (Boris Ivan),
Dates associated with a name 1905-
9 (RLIN) 35733
245 13 - TITLE STATEMENT
Title An introduction to embryology /
Statement of responsibility, etc. B.I. Balinsky ; assisted by B.C. Fabian.
250 ## - EDITION STATEMENT
Edition statement 5th ed.
260 ## - PUBLICATION, DISTRIBUTION, ETC. (IMPRINT)
Place of publication, distribution, etc. Philadelphia :
Name of publisher, distributor, etc. Saunders College Pub.,
Date of publication, distribution, etc. c1981.
300 ## - PHYSICAL DESCRIPTION
Pagination xiv, 768 p. :
Illustrations ill. ;
Size 25 cm.
504 ## - BIBLIOGRAPHY, ETC. NOTE
Bibliography, etc Bibliography: p. 716-746. and index
650 #0 - SUBJECT ADDED ENTRY--TOPICAL TERM
Topical term or geographic name as entry element Embryology.
9 (RLIN) 35729
700 1# - ADDED ENTRY--PERSONAL NAME
Personal name Fabian, B. C.
942 ## - ADDED ENTRY ELEMENTS (KOHA)
Source of classification or shelving scheme Dewey Decimal Classification
Koha item type Books
Holdings
Lost status Source of classification or shelving scheme Damaged status Not for loan Collection code Permanent Location Current Location Shelving location Date acquired Source of acquisition Cost, normal purchase price Total Checkouts Full call number Date last seen Copy number Koha item type
  Dewey Decimal Classification   Not For Loan Non-fiction Central Library, University of Rajshahi Central Library, University of Rajshahi Reading Room 15/05/1983 Helfers 18.50   591.33 BAI 1981 27/01/2014 C-1 Books